Datos históricos, leyendas y tradiciones del Cuzco / (Record no. 12586)

000 -CABECERA
fixed length control field 01369nam a22002417a 4500
003 - IDENTIFICADOR DEL NÚMERO DE CONTROL
control field AR-CdUCM
008 - DATOS DE LONGITUD FIJA--INFORMACIÓN GENERAL
fixed length control field 190409b ||||| |||| 00| 0 spa d
040 ## - FUENTE DE LA CATALOGACIÓN
Agencia/entidad que catalogó originalmente la obra MUNICIPALIDAD PROVINCIAL DEL CUSCO
Entidad que transcribió la catalogación BIBLIOTECA MUNICIPAL DEL CUSCO
082 ## - NÚMERO DE LA CLASIFICACIÓN DECIMAL DEWEY
No. de Clasificación C / 869.5603 /
Notacion interna EL43
100 ## - ENTRADA PRINCIPAL--NOMBRE DE PERSONA
Nombre Personal Elorrieta vda. de Aranzábal, Genara
245 ## - MENCIÓN DE TÍTULO
Título Datos históricos, leyendas y tradiciones del Cuzco /
Mención de responsabilidad Genara Elorrieta
260 ## - PUBLICACIÓN, DISTRIBUCIÓN, ETC.
Lugar de publicación, distribución, etc. Cusco :
Nombre de la editorial, distribuidor, etc. Garcilaso,
Fecha de publicación, distribución, etc. 1956.
300 ## - DESCRIPCIÓN FÍSICA
Nº de Páginas Extensión 3 tomos ;
Otros detalles físicos ilustraciones, retrato, planos plegables,
Dimensiones 21 cm.
505 ## - NOTA DE CONTENIDO CON FORMATO
Nota de contenido formateada Contenido: t.1: El primer Cabildo del Cuzco -- Tres <br/>Cédulas reales para Pizarro -- Firmaba pero no leía -- Tercero en discordia -- Capaces de sacramento ... -- t.2: Unas cuantas líneas preliminares -- Comentario a una obra de mérito -- Honor al esfuerzo -- Solo en infraganti delito -- Salario para los regidores ... -- t.3: De mal de yerbas -- Acatando sin cumplir reales pragmáticas -- Monasterio del Carmen en Arequipa -- Alcalde del Cuzco, todo un hombre ...
650 ## - PUNTO DE ACCESO ADICIONAL DE MATERIA--TÉRMINO DE MATERIA
Descriptor Siglo XX
9 (RLIN) 8
650 ## - PUNTO DE ACCESO ADICIONAL DE MATERIA--TÉRMINO DE MATERIA
Descriptor Tradiciones cusqueñas
9 (RLIN) 31110
650 ## - PUNTO DE ACCESO ADICIONAL DE MATERIA--TÉRMINO DE MATERIA
Descriptor Literatura cusqueña
9 (RLIN) 43912
700 ## - PUNTO DE ACCESO ADICIONAL--NOMBRE DE PERSONA
Nombre Personal Paredes, Luis Felipe (prólogo)
9 (RLIN) 30486
700 ## - PUNTO DE ACCESO ADICIONAL--NOMBRE DE PERSONA
Nombre Personal Yepez Miranda, Alfredo (opinión)
9 (RLIN) 30487
942 ## - ELEMENTOS DE PUNTO DE ACCESO ADICIONAL (KOHA)
Fuente de clasificación
Tipo de item Libros-BMC
945 ## - PROCESAMIENTO DE INFORMACIÓN LOCAL (OCLC)
Catalogador achl
AAAA-MM-DD - Fecha de ingreso o modificacion 2019-04-09
Holdings
Estado de retiro (separado) Fuente de clasificación o esquema de estanterías Estado dañado Ubicación Sala donde se ubica Nombre de la colección Fecha de adquisición o compra Costo, precio normal en soles Signatura topográfica Código de Barras Última vez visto (Koha) Tipo de ítem (Koha)
No     Sala Cusco Antiguo Sala Cusco Antiguo Book Cart 2019-04-09 200.00 C / 869.5603 / EL43 / t.1 SCA0002360 2019-04-09 Libros-BMC
No     Sala Cusco Antiguo Sala Cusco Antiguo Book Cart 2019-04-09 200.00 C / 869.5603 / EL43 / t.2 SCA0002363 2019-04-09 Libros-BMC
No     Sala Cusco Antiguo Sala Cusco Antiguo Book Cart 2019-04-09 200.00 C / 869.5603 / EL43 / t.3 SCA0002364 2019-04-09 Libros-BMC

Powered by Koha